000 00646cam a2200217 a 4500
001 13990761
005 20180302070524.0
008 050603s2006 mau 001 0 eng
010 _a 2005928579
020 _a0312433093
040 _aDLC
_cDLC
_dDLC
041 _aeng
080 _a808.042
082 0 0 _a808.042 LUN
_222
100 1 _a25
101 _aEDU
245 1 0 _aEasy writer :
_cAndrea A. Lunsford ; with a section for multilingual writers by Franklin E. Horowitz.
906 _a7
_bcbc
_corignew
_d3
_eepcn
_f20
_gy-gencatlg
942 _2ddc
_cBK
999 _c44025
_d44025